Statistics for QUIZ GEOGRÁFICO

Click here to take the quiz!

General Stats

  • This quiz has been taken 30 times
  • The average score is 4 of 7

Answer Stats

QuestionAnswer% Correct
¿Cual es el país mas pequeño del mundo?Ciudad del Vaticano
80%
¿Cual es el país con mas territorios repartidos por el mundo?Reino Unido
75%
¿Cuantos paises (no independientes) conforman el territorio del Reino Unido?4
55%
¿Cuales son países que tienen el color Morado en su bandera?Dominica y Nicaragua
55%
¿Cuantas fronteras tiene el país con mas fronteras del mundo? (China)14
50%
¿Cuantos países forman la península Escandinava?3
50%
¿Cual es el país con más islas del mundo?Ninguna es Correcta
20%

Score Distribution

Percentile by Number Answered

Percent of People with Each Score

Your Score History

You have not taken this quiz